| 000 | 01406nam a2200349 c 4500 | ||
|---|---|---|---|
| 003 | BLK | ||
| 005 | 20230801113815.0 | ||
| 008 | 180408b bul|||||r ||||||| ||bul|| | ||
| 010 | _aKNG00083924000 | ||
| 020 |
_a978-954-09-0022-3 _bиздат.: Захарий Стоянов - на том(т. 3) |
||
| 040 | _aBLK | ||
| 041 |
_aBUL _cBUL |
||
| 080 |
_aБългарска литература _b821.163.2 _x-2 _z821.163.2-2 |
||
| 100 |
_aИлиев, Константин Илиев _d1937- _9407884 |
||
| 139 |
_aИлиев, Константин Илиев _bИ 52 |
||
| 245 | 1 | 0 |
_aПиеси _bТ. 1 - _cКонстантин Илиев Илиев. _nТ. 3 _pЧервено вино за сбогом |
| 257 | _aBGR | ||
| 260 |
_аСофия _c2007 - _fСофия : УИ Св. Кл. Охридски |
||
| 300 | _c21 см | ||
| 380 | _aX | ||
| 500 | _aОфс. изд. | ||
| 505 |
_g _r _tКуцулан или Вълча Богородица |
||
| 505 |
_g _r _tФранческа |
||
| 505 |
_g _r _tБетовен |
||
| 760 | 1 |
_3- на том(т. 3) _aИлиев, Константин Илиев _dЗахарий Стоянов, 2007 _h320 с. _tТ. 3 Червено вино за сбогом |
|
| 852 | _aЦб 237363 | ||
| 856 | 4 |
_qpdf _u |
|
| 856 | 4 |
_qpdf _u |
|
| 942 |
_cKNG _n0 |
||
| 944 |
_aCR _c22.05.2008 _k30556 _lТеодора Пейчева-Дянкова |
||
| 944 |
_aED _c21.07.2008 _k |
||
| 999 |
_c79450 _d79450 |
||